This is the way (Record no. 298402)

MARC details
000 -LEADER
fixed length control field 00446nam a2200169Ia 4500
008 - FIXED-LENGTH DATA ELEMENTS--GENERAL INFORMATION
fixed length control field 191130s1992##################000#0#eng##
020 ## - INTERNATIONAL STANDARD BOOK NUMBER
ISBN 590458930
082 ## - DEWEY DECIMAL CLASSIFICATION NUMBER
Classification number 370.114 DAL
100 ## - MAIN ENTRY--AUTHOR NAME
Personal name Dalton, Anne
245 ## - TITLE STATEMENT
Title This is the way
Statement of responsibility, etc By Anne Dalton
260 ## - PUBLICATION, DISTRIBUTION, ETC. (IMPRINT)
Place of publication New York
Name of publisher Scholastic
Year of publication 1992
300 ## - PHYSICAL DESCRIPTION
Number of Pages unpaged, col. ill.; 25 cm
991 ## -
-- 133167
Holdings
Withdrawn status Lost status Damaged status Not for loan Home library Current library Date acquired Full call number Accession Number Price effective from Koha item type
        Anna Centenary Library Anna Centenary Library 15.10.2020 370.114 DAL 430085 15.10.2020 English Books

Find us on the map